Sistema métrico español al alcance de los niños

Gespeichert in:
Bibliographische Detailangaben
Format: Buch
Sprache:Spanisch
Erschienen: Barcelona : Imp. de Oliveres Hermanos, 1852
Katalog:MANES:  Suchergebnis im Bibliothekskatalog
Schulbuchspezifische Eigenschaften:
Tags: Tag hinzufügen
Keine Tags, Fügen Sie den ersten Tag hinzu!
Hinzugefügt zu:19.06.2012
Geändert in:20.05.2026

MARC

LEADER 00000nam a2200000 a 4500
001 .b5288435
003 ES-BaCBU
005 20260520184529.0
008 120620s1852 spc b 000 0 spa|c
561 |5 es-CRAI  |3 FA-19/38   |a España. Biblioteca Universitat de Barcelona  |k MANES 
999 |c 90607  |d 90607 
040 |a ES-BaUB  |b cat  |c ES-BaUB 
245 0 0 |a Sistema métrico español al alcance de los niños 
260 |a Barcelona :  |b Imp. de Oliveres Hermanos,  |c 1852 
300 |a 23 p., 1 f. ;  |c 17 cm 
546 |a España 
690 0 |a MATE 
691 0 |a PRI 
942 |2 ddc  |c BK 
999 |c manes:90607  |d 90607